LEADER 01095nam0 2200253 450 001 000020123 005 20081201133938.0 100 $a20081201d1860----km-y0itay50------ba 101 0 $aita 102 $aIT 105 $ay-------001yy 200 1 $aRaccolta delle principali costituzioni politiche del mondo delle leggi elettorali e d'amministrazione civile$eparte prima$ffatta dall'avvocato Luciano Petrunti$eItalia 210 $aNapoli$cVincenzo Priggiobba$d1860 215 $a453 p.$d25 cm 300 $aLa pubblicazione non è stata continuata come si ricava da BLC, v. 256, p. 363 500 10$aRaccolta delle principali costituzioni politiche del mondo delle leggi elettorali e d'amministrazione civile$933301 610 1 $aCostituzioni politiche 676 $a342.023$v19 700 1$aPetrunti,$bLuciano$0241477 801 0$aIT$bUNIPARTHENOPE$c20081201$gRICA$2UNIMARC 912 $a000020123 951 $aA342.023/1(1)$b9915$cNAVA1$d2008 996 $aRaccolta delle principali costituzioni politiche del mondo delle leggi elettorali e d'amministrazione civile$933301 997 $aUNIPARTHENOPE LEADER 01350nam1 22003373i 450 001 PUV0825058 005 20231121125619.0 100 $a20140515f ||||0itac50 ba 101 | $ager 102 $ade 181 1$6z01$ai $bxxxe 182 1$6z01$an 200 1 $a˜Die œInschriften von Kibyra 210 $aBonn$cR. Hablet 215 $a v.$d30 cm 225 | $aInschriften griechischer Stadte aus Kleinasien$v60 300 $aIn testa al front.: Osterreichische Akademie der Wissenschaften; Nordrhein-Westfalische Akademie der Wissenschaften. 410 0$1001MIL0003632$12001 $aInschriften griechischer Stadte aus Kleinasien$v60 463 1$1001PUV0825062$12001 $a˜1: Die œInschriften der Stadt und ihrer näheren Umgebung$fherausgegeben von Thomas Corsten$v1 606 $aIscrizioni greche$xAsia minore$2FIR$3RMLC378237$9N 676 $a411.7$9Sistemi di scrittura delle forme standard delle lingue. Paleografia ed epigrafia.$v22 676 $a481.1$9GRECO CLASSICO. Sistemi di scrittura$v21 801 3$aIT$bIT-01$c20140515 850 $aIT-FR0017 899 $aBiblioteca umanistica Giorgio Aprea$bFR0017 912 $aPUV0825058 950 1$aBiblioteca umanistica Giorgio Aprea$d 52S.SIJ. FE1 I.K.60 967 $m1 977 $a 52 996 $aInschriften von Kibyra$9670431 997 $aUNICAS